| 000 | 01411nam a22003738a 4500 | ||
|---|---|---|---|
| 003 | CO-BoRNBP | ||
| 005 | 20240813151202.0 | ||
| 007 | ta | ||
| 008 | 151010s2014 ck o gr 00110 spa d | ||
| 020 | _a97895873054570 | ||
| 040 |
_aCO-BoRNBP _bspa _cCO-BoRNBP _erda |
||
| 041 | 0 |
_heng _aspa |
|
| 082 | 0 | 4 |
_aI591 _bS53p _221 |
| 100 | 1 |
_aSmith, Miranda. _942164 |
|
| 245 | 1 | 0 |
_aPregúntale a un animal : _b¡Por qué los animales hacen muchas cosas mejor que nosotros? / _cMiranda Smith ; traducción Yolanda Enciso; imagenes Clare Newman |
| 250 | _aPrimera edición | ||
| 264 | 1 |
_aBogotá, Colombia _bPanamerica _c2014 |
|
| 264 | 4 | _c©2014 | |
| 300 |
_a80 páginas : _bfotografías, ilustraciones en color ; _c28 cm. |
||
| 336 |
_2rdacontent _atexto _btxt |
||
| 337 |
_2rdamedia _asin mediación _bn |
||
| 338 |
_2rdacarrier _avolumen _bnc |
||
| 490 | _aPlan Nacional de Lectura y Escritura Leer es mi Cuento / Ministerio de Cultura | ||
| 500 | _aGlosario : p. 76-77. | ||
| 500 | _aIncluye índice. | ||
| 534 | _tAsk an animal. | ||
| 650 | 1 | 7 |
_aLibros ilustrados para niños _2LEMB _92001 |
| 650 | 1 | 7 |
_aAnimales _x Hábitos y conducta _v Literatura infantil. _2LEMB _942165 |
| 650 | 1 | 7 |
_aPreguntas y respuestas _2LEMB _99411 |
| 700 | 1 |
_aEnciso Patiño, Yolanda, _etraductora. _942166 |
|
| 700 | 1 |
_aNewman, Clare, _eil. _942167 |
|
| 700 | 1 |
_aNoguera Arrieta, Luisa, _eeditor. _923371 |
|
| 942 |
_2ddc _cBK |
||
| 999 |
_c38311 _d38311 |
||